000 00924cam8a220026500 4500
001 qce01759639
005 20190830122356.0
008 750612s1961 ilu eng
010 _a 61065509
035 _a(Sirsi) r116251
035 _a(QCAT)lss00862316
035 _a(UPRA)qce01759639
040 _dUPRA
050 0 _aLC5219
_b.L3
082 _a374
100 1 _aLacognata, A. A.
_6A81459.1
245 1 2 _aA comparison of the effectiveness of adult residential and non-residential learning situations /
_cby A.A. Lacognata.
260 _a[Chicago] :
_bCenter for the Study of Liberal Education for Adults,
_c[1961]
490 0 _aCSLEA research reports
_6S12347.1
504 _aIncludes bibliographical references.
650 0 _aAdult education.
_6S3683.1
740 0 _aAdult residential and non-residential learning situations.
949 _aLC5219
_wlcc
_i-167415
_mMAIN
_tBOOK
_lON-SHELF
004 116251
999 _c198208
_d198208